01073cam a2200277 a 4500001000500000005001700005008004100022020002800063040002300091050002700114082001400141100002600155245003200181260003500213300002300248505000800271520031200279521002000591521002000611650002300631650002200654650004400676650002500720650002800745650002200773124220230815125406.0040105s2004 nyu c 000 1 eng  a0439579449 (alk. paper) aDLCcDLCdDLCbeng00aPZ7.M3567585bHer 200400a[Fic]2221 aMartin, Ann M.d1955-10aHere today /cAnn M. Martin aNew York :bScholastic,c2004. a308 pages ;c20 cm aS  aIn 1963, when her flamboyant mother abandons the family to pursue her dream of becoming an actress, eleven-year-old Ellie Dingman takes charge of her younger siblings, while also trying to deal with her outcast status in school and frightening acts of prejudice toward the "misfits" that live on her street. a790 bLexile  aS bRaz-Plus  1aIdentityvFiction. 1aMothersvFiction. 1aFamily lifezNew York (State)vFiction. 1aPrejudicesvFiction. 1aNeighborhoodsvFiction. 1aSchoolsvFiction.